Studies in english language

সংরক্ষণ করুন:
গ্রন্থ-পঞ্জীর বিবরন
প্রধান লেখক: Halliday, Michael Alexander Kirkwood (Author)
বিন্যাস: গ্রন্থ
ভাষা:ইংরেজি
প্রকাশিত: Londres Continuum 2005
সংস্করন:1a. ed
মালা:The Collected Works of M.A.K. Halliday, 7
বিষয়গুলি:
ট্যাগগুলো: ট্যাগ যুক্ত করুন
কোনো ট্যাগ নেই, প্রথমজন হিসাবে ট্যাগ করুন!

MARC

LEADER 00000nam a2200000 a 4500
001 UCK5664
003 CL-VaPUC
008 050812e20050000UK |||||||||||||||||eng|d
020 |a 0826458734 
082 0 4 |a 420  |b HAL  |2 21 
100 0 |a Halliday, Michael Alexander Kirkwood  |e author  |9 461646 
245 1 0 |a Studies in english language 
250 |a 1a. ed 
300 |a 353 p 
942 |c BK 
945 |d 20050812 00:00:00  |a jcarroza 
260 |a Londres  |b Continuum  |c 2005 
650 0 |a Inglés  |9 260023 
650 0 |a Lenguaje   |9 265069 
650 0 |a Gramática  |9 270497 
583 |a last modification  |c 20050812 00:00:00  |k Rodrigo Vera 
490 0 |a The Collected Works of M.A.K. Halliday, 7 
999 |c 314160  |d 314158 
952 |0 0  |1 0  |4 0  |6 420_000000000000000_HAL_2005  |7 0  |8 A  |9 386142  |a FDOPOS  |b FDOPOS  |d 2019-11-22  |i 4153332  |o 420 HAL 2005  |p 4153332  |r 2025-01-22  |w 2019-11-22  |y BK  |k MLA 
952 |0 0  |1 0  |4 0  |6 420_000000000000000_HAL_2005  |7 0  |8 A  |9 386143  |a BIBEDU  |b BIBEDU  |d 2019-11-22  |i 4258959  |o 420 HAL 2005  |p 4258959  |r 2019-11-22  |w 2019-11-22  |y BK  |k LIT 
952 |0 0  |1 0  |4 0  |6 420_000000000000000_HAL_2005  |7 0  |8 A  |9 386144  |a BIBEDU  |b BIBEDU  |d 2019-11-22  |i 4304705  |o 420 HAL 2005  |p 4304705  |r 2019-11-22  |w 2019-11-22  |y BK  |k LIT